[Event "Nova Gorica op 29th"]
[Site "Nova Gorica"]
[Date "2025.01.28"]
[Round "6"]
[White "Bajec, Borut"]
[Black "Papler, Peter"]
[Result "0-1"]
[WhiteElo "1778"]
[BlackElo "1800"]
[PlyCount "100"]
[EventDate "2025.01.24"]
[EventType "swiss"]
[EventRounds "9"]
[EventCountry "SLO"]
[SourceTitle "CB06_2025"]
[SourceDate "2025.02.05"]
[SourceVersion "1"]
[SourceVersionDate "2025.02.05"]
[SourceQuality "1"]

1. d4 Nf6 2. Nf3 d6 3. c4 Nbd7 4. Nc3 c6 5. e4 Qc7 6. Bd3 e5 7. d5 Be7 8. 0-0 h6 9. Nh4 g6 10. Nf3 Nf8 11. Bd2 Bg4 12. b4 g5 13. Be2 Ng6 14. Ne1 Bd7 15. Nd3 Nf4 16. Be3 cxd5 17. exd5 Nxe2+ 18. Nxe2 Qxc4 19. Rc1 Qxd5 20. Nc3 Qe6 21. Re1 Ng4 22. Bd2 Qf5 23. Qe2 Nf6 24. b5 0-0 25. Nb4 Be6 26. a3 Rfe8 27. Nc2 Rac8 28. a4 Bf8 29. Ne3 Qg6 30. a5 d5 31. Na4 Ne4 32. f3 Nxd2 33. Qxd2 d4 34. Nf1 Rxc1 35. Rxc1 Rc8 36. Rxc8 Bxc8 37. Qc1 Bd7 38. b6 a6 39. Qd1 Bb4 40. Nb2 Bxa5 41. Nc4 Bxb6 42. Nxe5 Qd6 43. Nxd7 Qxd7 44. g3 d3+ 45. Kg2 Qd4 46. Nd2 Qf2+ 47. Kh3 Qe2 48. Qc1 Qe6+ 49. g4 Be3 50. Qc3 Bxd2 0-1

[Event "Nova Gorica op 29th"]
[Site "Nova Gorica"]
[Date "2025.01.24"]
[Round "1"]
[White "Labrovic, Jakov"]
[Black "Papler, Peter"]
[Result "1-0"]
[WhiteElo "1968"]
[BlackElo "1800"]
[PlyCount "109"]
[EventDate "2025.01.24"]
[EventType "swiss"]
[EventRounds "9"]
[EventCountry "SLO"]
[SourceTitle "CB06_2025"]
[SourceDate "2025.02.05"]
[SourceVersion "1"]
[SourceVersionDate "2025.02.05"]
[SourceQuality "1"]

1. d4 Nf6 2. Bg5 d6 3. c4 Nbd7 4. Nc3 c6 5. Nf3 Qc7 6. e4 e5 7. d5 Be7 8. Rc1 h6 9. Bh4 0-0 10. Bd3 Re8 11. 0-0 Nf8 12. b4 Ng6 13. Bxf6 Bxf6 14. Re1 Bg4 15. h3 Bd7 16. c5 a6 17. Na4 Rad8 18. Nb6 Nf4 19. Bf1 Be7 20. Nxe5 dxe5 21. d6 Bxd6 22. Qxd6 Qxd6 23. cxd6 Be6 24. Red1 Bxa2 25. Rd2 Be6 26. Na4 Rb8 27. Nc5 Red8 28. h4 Bd7 29. g3 Ne6 30. Nb3 Nf8 31. f4 Re8 32. Nc5 g6 33. Bc4 Kg7 34. Rf1 Bh3 35. Rff2 f5 36. d7 Red8 37. fxe5 b6 38. Nxa6 Rb7 39. e6 Kf6 40. exf5 gxf5 41. Rd6 c5 42. bxc5 bxc5 43. Rc6 Rb1+ 44. Kh2 Bg4 45. Nxc5 Ke7 46. Bd3 Re1 47. Nb7 Nxe6 48. Nxd8 Nxd8 49. Rxh6 Re5 50. Rh7+ Kd6 51. Rd2 Rd5 52. Rh8 Ke7 53. Re8+ Kxd7 54. Bb5+ Nc6 55. Rxd5+ 1-0

[Event "NATO-ch 34th"]
[Site "Rhodes"]
[Date "2024.10.22"]
[Round "2"]
[White "Farrell, John F"]
[Black "Papler, Peter"]
[Result "1/2-1/2"]
[WhiteElo "1898"]
[BlackElo "1780"]
[PlyCount "108"]
[EventDate "2024.10.21"]
[EventType "swiss"]
[EventRounds "7"]
[EventCountry "GRE"]
[SourceTitle "CB44_2024"]
[Source "Chessbase"]
[SourceDate "2024.10.30"]
[SourceVersion "1"]
[SourceVersionDate "2024.10.30"]
[SourceQuality "1"]

1. c4 d6 2. g3 Nf6 3. Bg2 c6 4. Nc3 Qc7 5. d4 e5 6. e4 Be7 7. Nge2 0-0 8. 0-0 Be6 9. d5 Bd7 10. h3 Na6 11. Be3 Rad8 12. Kh2 c5 13. f4 Rfe8 14. f5 Qb8 15. g4 Kh8 16. Ng3 Nc7 17. g5 Ng8 18. Nh5 f6 19. g6 h6 20. Qd2 Bf8 21. Rf3 Re7 22. Rg3 Ne8 23. Rg4 b5 24. Rh4 bxc4 25. Rg1 Qb6 26. Bf1 Rb8 27. Rg2 Bc8 28. Ng3 Ba6 29. Nh1 Reb7 30. Qc1 Qc7 31. Rc2 Qa5 32. Nf2 Rb4 33. Ng4 Qb6 34. Bxh6 gxh6 35. Nxh6 Nxh6 36. Rxh6+ Kg8 37. Nd1 Rb7 38. Rh4 c3 39. b3 Bxf1 40. Nxc3 Ba6 41. Qd1 Qc7 42. Rg2 Bg7 43. Rh7 Qa5 44. h4 Rd4 45. Qc1 Qb4 46. h5 Rxe4 47. Nxe4 Qxe4 48. h6 Qxf5 49. hxg7 Rxg7 50. Rxg7+ Kxg7 51. Qa3 Qh5+ 52. Kg1 Qd1+ 53. Kh2 Qh5+ 54. Kg1 Qd1+ 1/2-1/2

[Event "NATO-ch 34th"]
[Site "Rhodes"]
[Date "2024.10.22"]
[Round "3"]
[White "Papler, Peter"]
[Black "Middaugh, Jon S"]
[Result "1/2-1/2"]
[WhiteElo "1780"]
[BlackElo "1877"]
[PlyCount "60"]
[EventDate "2024.10.21"]
[EventType "swiss"]
[EventRounds "7"]
[EventCountry "GRE"]
[SourceTitle "CB44_2024"]
[Source "Chessbase"]
[SourceDate "2024.10.30"]
[SourceVersion "1"]
[SourceVersionDate "2024.10.30"]
[SourceQuality "1"]

1. e4 e6 2. Nf3 d5 3. Nc3 Nf6 4. e5 Nfd7 5. d4 c5 6. Ne2 cxd4 7. Nexd4 Bc5 8. c3 Nc6 9. Bb5 Bxd4 10. Nxd4 Ncxe5 11. 0-0 a6 12. Ba4 0-0 13. Bc2 Ng6 14. f4 Nf6 15. Qf3 Bd7 16. Bd2 Qc7 17. Rae1 Bc6 18. Bc1 Rfe8 19. f5 exf5 20. Qxf5 Re5 21. Qh3 Rh5 22. Qg3 Qxg3 23. hxg3 Re8 24. Rxe8+ Bxe8 25. Bf5 Rxf5 26. Rxf5 Bd7 27. Rf1 b5 28. Bf4 Ne4 29. Rd1 f6 30. Nf3 Ne7 1/2-1/2

[Event "NATO-ch 34th"]
[Site "Rhodes"]
[Date "2024.10.21"]
[Round "1"]
[White "Papler, Peter"]
[Black "Loving, Jason"]
[Result "0-1"]
[WhiteElo "1780"]
[BlackElo "2021"]
[PlyCount "60"]
[EventDate "2024.10.21"]
[EventType "swiss"]
[EventRounds "7"]
[EventCountry "GRE"]
[SourceTitle "CB44_2024"]
[Source "Chessbase"]
[SourceDate "2024.10.30"]
[SourceVersion "1"]
[SourceVersionDate "2024.10.30"]
[SourceQuality "1"]

1. d4 Nf6 2. Nc3 d5 3. Bf4 Bf5 4. Nf3 e6 5. e3 c5 6. Nb5 Na6 7. c3 Be7 8. h3 0-0 9. Be2 Qb6 10. a4 Rfc8 11. Nh4 Be4 12. Bh2 Nb8 13. Nf3 Nc6 14. Qd2 cxd4 15. exd4 Na5 16. Qg5 a6 17. Bc7 Rxc7 18. Nxc7 Qxc7 19. 0-0 Rc8 20. Ne5 Nb3 21. Ra2 Bc2 22. Qf4 Bd6 23. Qe3 Bxe5 24. dxe5 Nd7 25. f4 Qc5 26. Kf2 d4 27. cxd4 Nxd4 28. b4 Qxb4 29. Rc1 Nf5 30. Qa7 Qxf4+ 0-1

[Event "Ljubljana op"]
[Site "Ljubljana"]
[Date "2024.04.28"]
[Round "3"]
[White "Papler, Peter"]
[Black "Usaj, Benjamin"]
[Result "1-0"]
[WhiteElo "1799"]
[BlackElo "1436"]
[PlyCount "111"]
[EventDate "2024.04.27"]
[EventType "swiss"]
[EventRounds "9"]
[EventCountry "SLO"]
[SourceTitle "CBM 220 Extra"]
[Source "ChessBase"]
[SourceDate "2024.07.31"]
[SourceVersion "1"]
[SourceVersionDate "2024.07.31"]
[SourceQuality "1"]

1. e4 e5 2. Nf3 Nf6 3. d3 d6 4. Nbd2 Nc6 5. Be2 Be7 6. c3 Bg4 7. h3 Be6 8. Nf1 d5 9. Qc2 Qd6 10. Ng3 0-0-0 11. Ng5 h6 12. Nxe6 Qxe6 13. Nf5 Rhg8 14. Bd2 d4 15. 0-0 Bc5 16. a3 Ne7 17. b4 Bb6 18. c4 c6 19. Ng3 Kb8 20. a4 a6 21. b5 Ka7 22. c5 Bc7 23. b6+ Bxb6 24. cxb6+ Kxb6 25. Ba5+ Ka7 26. Bxd8 Rxd8 27. a5 g5 28. Qc5+ Kb8 29. Bg4 Nxg4 30. hxg4 Ng6 31. Nf5 Nf4 32. Qb6 Rh8 33. Rab1 Qd7 34. g3 Ne2+ 35. Kg2 f6 36. Rh1 Nc3 37. Ra1 Nb5 38. Rxh6 Rxh6 39. Nxh6 Ka8 40. Nf5 Qc8 41. Rh1 Qb8 42. Rh6 Qf8 43. Rh7 Qc8 44. Rf7 Qb8 45. Rd7 Qc8 46. Rd8 Qxd8 47. Qxd8+ Ka7 48. Qxf6 Nc3 49. Qxg5 Ne2 50. Kf1 Nc3 51. Qd8 Nb5 52. Qb6+ Kb8 53. g5 c5 54. g6 Ka8 55. g7 Kb8 56. g8R# 1-0

[Event "Nova Gorica op 28th"]
[Site "Nova Gorica"]
[Date "2024.01.27"]
[Round "2"]
[White "Cokan, Mirko"]
[Black "Papler, Peter"]
[Result "0-1"]
[WhiteElo "1614"]
[BlackElo "1691"]
[PlyCount "74"]
[EventDate "2024.01.26"]
[EventType "swiss"]
[EventRounds "9"]
[EventCountry "SLO"]
[SourceTitle "CBM 218 Extra"]
[Source "ChessBase"]
[SourceDate "2024.03.31"]
[SourceVersion "1"]
[SourceVersionDate "2024.03.31"]
[SourceQuality "1"]

1. e4 d6 2. c4 Nf6 3. Nc3 c6 4. Be2 e5 5. Nf3 Be7 6. h3 Qc7 7. 0-0 Nbd7 8. d3 h6 9. b3 Nf8 10. Bd2 g5 11. Nh2 Ng6 12. Bg4 Nxg4 13. Nxg4 Nf4 14. Bxf4 gxf4 15. f3 h5 16. Nh2 Rg8 17. Kh1 Be6 18. Rc1 Qd7 19. Qe2 Bd8 20. b4 Bb6 21. Rc2 Bd4 22. Qe1 Qe7 23. Ne2 Be3 24. Nc3 Qg5 25. g4 fxg3 26. Rg2 Bxh3 27. Rfg1 Bxg1 28. f4 Bxg2+ 29. Kxg2 Qxf4 30. Nf3 Bf2 31. Qh1 0-0-0 32. b5 Rh8 33. bxc6 bxc6 34. Ne2 Qg4 35. Qf1 h4 36. Qh1 h3+ 37. Kf1 g2+ 0-1

[Event "NATO-ch 33rd"]
[Site "Portoroz"]
[Date "2023.09.07"]
[Round "5"]
[White "Ivbulis, Martins"]
[Black "Papler, Peter"]
[Result "1-0"]
[WhiteElo "1836"]
[BlackElo "1697"]
[PlyCount "61"]
[EventDate "2023.09.04"]
[EventType "swiss"]
[EventRounds "7"]
[EventCountry "SLO"]
[SourceTitle "CBM 216 Extra"]
[Source "ChessBase"]
[SourceDate "2023.11.30"]
[SourceVersion "1"]
[SourceVersionDate "2023.11.30"]
[SourceQuality "1"]

1. d4 Nf6 2. Nc3 d6 3. e4 Nbd7 4. Nf3 e5 5. Be2 c6 6. a4 Qc7 7. a5 Be7 8. 0-0 0-0 9. h3 Re8 10. dxe5 dxe5 11. Be3 Bb4 12. Nd2 Bxa5 13. Na4 b5 14. Nc3 a6 15. Qe1 Bb4 16. Kh1 Nc5 17. f4 Bxc3 18. bxc3 Ncxe4 19. Nxe4 Nxe4 20. fxe5 Qxe5 21. Bf4 Qxc3 22. Qh4 g5 23. Bxg5 Ng3+ 24. Kh2 Nxf1+ 25. Rxf1 Qe5+ 26. Bf4 Qg7 27. Bh6 Qg6 28. Bd3 f5 29. Rf3 Kh8 30. Rg3 Qf7 31. Qd4+ 1-0

[Event "NATO-ch 33rd"]
[Site "Portoroz"]
[Date "2023.09.05"]
[Round "3"]
[White "Papler, Peter"]
[Black "Peraino, Andrew M"]
[Result "0-1"]
[WhiteElo "1697"]
[BlackElo "1957"]
[PlyCount "92"]
[EventDate "2023.09.04"]
[EventType "swiss"]
[EventRounds "7"]
[EventCountry "SLO"]
[SourceTitle "CBM 216 Extra"]
[Source "ChessBase"]
[SourceDate "2023.11.30"]
[SourceVersion "1"]
[SourceVersionDate "2023.11.30"]
[SourceQuality "1"]

1. d3 c5 2. e4 Nc6 3. Nf3 d6 4. Nbd2 g6 5. c3 Bg7 6. Be2 e5 7. 0-0 Nf6 8. Nc4 b5 9. Ne3 a6 10. Qc2 Bb7 11. Bd2 0-0 12. Rad1 Rc8 13. Qc1 Qe8 14. Nc2 d5 15. exd5 Nxd5 16. Rfe1 f6 17. Bh6 Qf7 18. Bxg7 Kxg7 19. a3 Nf4 20. Bf1 Ne7 21. Nd2 Bxg2 22. Bxg2 Nxd3 23. Qb1 Nxe1 24. Rxe1 Rfd8 25. Ne4 f5 26. Ng3 e4 27. Nf1 Rd3 28. Re3 Rcd8 29. Rxd3 exd3 30. Nce3 f4 31. Nd1 Nf5 32. Nd2 Nh4 33. Be4 c4 34. f3 Qa7+ 35. Nf2 Qe3 36. Qd1 Qe2 37. Bb7 Re8 38. Nde4 Nxf3+ 39. Kg2 Ne1+ 40. Kh3 Rxe4 41. Bxe4 Qxf2 42. Bb7 Qe3+ 43. Kh4 Kh6 44. Qg4 f3 45. Qg3 g5+ 46. Kh3 Qe6+ 0-1

[Event "Nova Gorica op 27th"]
[Site "Nova Gorica"]
[Date "2023.03.17"]
[Round "2"]
[White "Papler, Peter"]
[Black "Kodric, Gasper"]
[Result "0-1"]
[WhiteElo "1718"]
[BlackElo "2054"]
[PlyCount "138"]
[EventDate "2023.03.16"]
[EventType "swiss"]
[EventRounds "9"]
[EventCountry "SLO"]
[SourceTitle "CBM 213 Extra"]
[Source "ChessBase"]
[SourceDate "2023.05.31"]
[SourceVersion "1"]
[SourceVersionDate "2023.05.31"]
[SourceQuality "1"]

1. d4 d5 2. Nf3 Nf6 3. e3 c5 4. c3 e6 5. Bd3 Nc6 6. 0-0 Bd6 7. Nbd2 0-0 8. dxc5 Bxc5 9. e4 b6 10. exd5 Nxd5 11. Ne4 Be7 12. Qe2 h6 13. Rd1 Qc7 14. Bb5 Bb7 15. Ng3 Rad8 16. Bd2 Nf4 17. Qc4 Nd5 18. Re1 Na5 19. Qf1 Nf4 20. Rad1 g5 21. Bxf4 Qxf4 22. Ne2 Qc7 23. Ned4 Bf6 24. Qe2 Rd5 25. c4 Rd6 26. b4 Nc6 27. Nxc6 Bxc6 28. Bxc6 Rxc6 29. Rc1 Rc8 30. Nd2 Bb2 31. Rb1 Bc3 32. h3 Bxd2 33. Qxd2 Rxc4 34. a4 Rc2 35. Qd4 Qc3 36. Qg4 Rc4 37. Qh5 Rh4 38. Qd1 Rd2 39. Qc1 Qd4 40. Rf1 Rf4 41. Qe1 Re4 42. Qc1 Ree2 43. Qc6 Rxf2 44. Rxf2 Rxf2 45. Kh1 Qd5 46. Qe8+ Kg7 47. Rg1 Qe4 48. Qb5 Rf5 49. Qa6 Qxb4 50. Qxa7 Ra5 51. Qc7 Rc5 52. Qd7 Rf5 53. Qd1 Rf4 54. Qd8 Rd4 55. Qc7 Qc5 56. Qa7 Rf4 57. Rb1 Qa5 58. Qc7 Qxa4 59. Qxb6 Qd4 60. Qb7 Rf2 61. Rg1 e5 62. Qc7 e4 63. Qe7 e3 64. Re1 Qd5 65. Rg1 Qd3 66. Qe5+ Kg6 67. Re1 Rf1+ 68. Rxf1 Qxf1+ 69. Kh2 Qf4+ 0-1

[Event "Nova Gorica op 27th"]
[Site "Nova Gorica"]
[Date "2023.03.16"]
[Round "1"]
[White "Cirkvencic, Franci"]
[Black "Papler, Peter"]
[Result "0-1"]
[WhiteElo "1962"]
[BlackElo "1718"]
[PlyCount "154"]
[EventDate "2023.03.16"]
[EventType "swiss"]
[EventRounds "9"]
[EventCountry "SLO"]
[SourceTitle "CBM 213 Extra"]
[Source "ChessBase"]
[SourceDate "2023.05.31"]
[SourceVersion "1"]
[SourceVersionDate "2023.05.31"]
[SourceQuality "1"]

1. d4 Nf6 2. Nf3 d6 3. c4 Nbd7 4. Nc3 c6 5. e4 e5 6. g3 Qc7 7. Bg2 Be7 8. 0-0 a6 9. a4 0-0 10. Re1 Nb6 11. b3 Bg4 12. Be3 Nbd7 13. Qc2 Rfe8 14. dxe5 dxe5 15. Nd2 Bh5 16. h3 Bc5 17. Nf1 Bg6 18. Red1 h6 19. Kh2 Bb4 20. Na2 Bf8 21. Rd2 Rac8 22. f3 Nc5 23. Rad1 Ne6 24. h4 Bh5 25. Bf2 Rcd8 26. Nc3 Bb4 27. Rxd8 Rxd8 28. Rxd8+ Qxd8 29. Ne2 Nd7 30. g4 Bg6 31. Qd1 Qe7 32. h5 Bh7 33. Ne3 Bc5 34. Qd2 Ndf8 35. Kg1 Qf6 36. Nf5 Bxf2+ 37. Kxf2 Bxf5 38. exf5 Nd4 39. Nxd4 exd4 40. Qe2 c5 41. f4 b6 42. Kg3 Qd8 43. Qe5 Nh7 44. Bf3 Kf8 45. Bd5 Nf6 46. Bf3 Nh7 47. Kg2 Kg8 48. Kg3 Nf6 49. Bd5 Qe8 50. Qxe8+ Nxe8 51. g5 Kf8 52. Kg4 f6 53. g6 Ke7 54. Kf3 Nd6 55. Be6 b5 56. cxb5 axb5 57. a5 Kd8 58. Ke2 Kc7 59. Kd3 b4 60. Bd5 Kb8 61. Be6 Ka7 62. Kd2 Ka6 63. Kd3 Kxa5 64. Kd2 Kb6 65. Kd3 Kc7 66. Kd2 Ne4+ 67. Kd3 Ng3 68. Kc4 Kd6 69. Bd5 Nxh5 70. Bf3 Nxf4 71. Bc6 d3 72. Bf3 h5 73. Bc6 h4 74. Bf3 h3 75. Bc6 h2 76. Bf3 d2 77. Bc6 Nxg6 0-1

[Event "Nova Gorica op-A 26th"]
[Site "Nova Gorica"]
[Date "2022.09.18"]
[Round "5"]
[White "Hellsten, Uffe"]
[Black "Papler, Peter"]
[Result "1-0"]
[WhiteElo "1732"]
[BlackElo "1750"]
[PlyCount "61"]
[EventDate "2022.09.16"]
[EventType "swiss"]
[EventRounds "9"]
[EventCountry "SLO"]
[SourceTitle "CBM 210 Extra"]
[Source "ChessBase"]
[SourceDate "2022.11.30"]
[SourceVersion "1"]
[SourceVersionDate "2022.11.30"]
[SourceQuality "1"]

1. e4 d6 2. d4 Nf6 3. Nc3 c6 4. f3 Qc7 5. Bc4 Nbd7 6. Nge2 e5 7. Be3 Be7 8. Qd2 Nf8 9. 0-0-0 Ne6 10. Bb3 Bd7 11. g4 b5 12. d5 Nd8 13. Ng3 c5 14. g5 Ng8 15. a3 a5 16. a4 c4 17. Ba2 bxa4 18. f4 Rb8 19. Qf2 f6 20. fxe5 dxe5 21. Nf5 Bf8 22. gxf6 gxf6 23. Qe2 a3 24. Qh5+ Nf7 25. d6 axb2+ 26. Kb1 Qc8 27. Nd5 Bxf5 28. Nc7+ Kd7 29. Qxf7+ Kc6 30. Qxc4+ Kd7 31. Qa4+ 1-0

[Event "NATO-ch 31st"]
[Site "Blankenberge"]
[Date "2021.10.11"]
[Round "1.40"]
[White "Nilsson, Erik"]
[Black "Papler, Peter"]
[Result "1-0"]
[WhiteElo "1989"]
[BlackElo "1694"]
[PlyCount "91"]
[EventDate "2021.10.11"]
[EventType "team-swiss"]
[EventRounds "7"]
[EventCountry "BEL"]
[SourceTitle "CBM 204 Extra"]
[Source "ChessBase"]
[SourceDate "2021.11.30"]
[SourceVersion "1"]
[SourceVersionDate "2021.11.30"]
[SourceQuality "1"]
[WhiteTeam "Denmark"]
[BlackTeam "Slovenia"]
[WhiteTeamCountry "DEN"]
[BlackTeamCountry "SLO"]

1. d4 Nf6 2. c4 d6 3. Nc3 Nbd7 4. Nf3 c6 5. g3 Qc7 6. Bg2 e5 7. 0-0 Be7 8. h3 0-0 9. Re1 Rd8 10. Qc2 Nf8 11. e4 a6 12. a4 Bd7 13. a5 Qc8 14. Kh2 Rb8 15. dxe5 dxe5 16. Nxe5 Be6 17. b3 Qc7 18. Nd3 Qd7 19. Rd1 Qe8 20. Be3 N6d7 21. f4 f6 22. Bf3 Rdc8 23. Ba7 Ra8 24. Bf2 Rab8 25. Ne2 Bf7 26. Nd4 Bd8 27. Nf5 Bc7 28. c5 Qe6 29. Nd4 Qe7 30. b4 Ne6 31. Nf5 Qf8 32. Nb2 Rd8 33. Nc4 Kh8 34. Nfd6 Bg8 35. Ra3 g6 36. Rad3 Qe7 37. Be1 Ng7 38. Bc3 Nf8 39. Qb2 Nd7 40. e5 Bxc4 41. exf6 Qe6 42. Bg4 Qxg4 43. hxg4 Bxd3 44. Nf7+ Kg8 45. Nh6+ Kf8 46. fxg7+ 1-0

[Event "Portoroz Nat Festival 30th"]
[Site "Portoroz"]
[Date "2020.09.04"]
[Round "2"]
[White "Papler, Peter"]
[Black "Grah, Matej"]
[Result "0-1"]
[WhiteElo "1667"]
[BlackElo "1933"]
[PlyCount "86"]
[EventDate "2020.09.03"]
[EventType "swiss"]
[EventRounds "9"]
[EventCountry "SLO"]
[SourceTitle "CBM 198 Extra"]
[Source "ChessBase"]
[SourceDate "2020.11.30"]
[SourceVersion "1"]
[SourceVersionDate "2020.11.30"]
[SourceQuality "1"]

1. d4 g6 2. Nc3 Nf6 3. Bf4 d6 4. Qd2 Bg7 5. Nf3 c6 6. e4 0-0 7. Be2 a5 8. 0-0 Nbd7 9. Rad1 Nb6 10. Bh6 Bg4 11. Bxg7 Kxg7 12. Qe3 a4 13. h3 Bxf3 14. Qxf3 Qc7 15. Qg3 e5 16. f4 Nbd7 17. dxe5 dxe5 18. f5 Nc5 19. fxg6 fxg6 20. Qe3 Ne6 21. Kh1 Nd4 22. Rd2 Qb6 23. Nd1 Qa7 24. Qg5 Rae8 25. Bd3 Nxe4 26. Rxf8 Nxg5 27. Rxe8 Qc5 28. c3 Nf5 29. Bxf5 gxf5 30. Rd7+ Kf6 31. Red8 Ne4 32. Kh2 f4 33. Rxh7 Ng3 34. h4 Ne2 35. Kh3 e4 36. Rd6+ Qxd6 37. Rh6+ Ke7 38. Rxd6 Kxd6 39. Kg4 Ke5 40. Kg5 e3 41. h5 Ng3 42. h6 Ne4+ 43. Kg4 e2 0-1

[Event "Nova Gorica op 24th"]
[Site "Nova Gorica"]
[Date "2019.01.30"]
[Round "8"]
[White "Belardinelli, Franco"]
[Black "Papler, Peter"]
[Result "1-0"]
[WhiteElo "1876"]
[BlackElo "1707"]
[PlyCount "33"]
[EventDate "2019.01.25"]
[EventType "swiss"]
[EventRounds "9"]
[EventCountry "SLO"]
[SourceTitle "CBM 188 Extra"]
[Source "ChessBase"]
[SourceDate "2019.02.28"]
[SourceVersion "1"]
[SourceVersionDate "2019.02.28"]
[SourceQuality "1"]

1. e4 d6 2. d4 Nf6 3. Nc3 Nbd7 4. Bc4 e5 5. Nf3 Be7 6. Bxf7+ Kf8 7. Ng5 Nb6 8. Bb3 d5 9. exd5 Nfxd5 10. Qf3+ Nf4 11. Bxf4 exf4 12. Qxf4+ Bf6 13. 0-0-0 h6 14. Nf7 Qe7 15. Nxh8 Qb4 16. Rhe1 Nc4 17. Nd5 1-0

[Event "Nova Gorica op 24th"]
[Site "Nova Gorica"]
[Date "2019.01.25"]
[Round "1"]
[White "Papler, Peter"]
[Black "Bajo, Tin"]
[Result "1-0"]
[WhiteElo "1707"]
[BlackElo "1925"]
[PlyCount "127"]
[EventDate "2019.01.25"]
[EventType "swiss"]
[EventRounds "9"]
[EventCountry "SLO"]
[SourceTitle "CBM 188 Extra"]
[Source "ChessBase"]
[SourceDate "2019.02.28"]
[SourceVersion "1"]
[SourceVersionDate "2019.02.28"]
[SourceQuality "1"]

1. d4 d5 2. Bf4 c5 3. e3 cxd4 4. exd4 Nc6 5. Nf3 Bg4 6. c3 Nf6 7. h3 Bh5 8. Nbd2 e6 9. Qb3 Qc8 10. Bd3 Be7 11. 0-0 0-0 12. Rac1 Rd8 13. Rfe1 Bd6 14. Ne5 Bg6 15. Nxg6 hxg6 16. Bg5 Qc7 17. Nf3 Rdc8 18. Qc2 Bf4 19. Bxf4 Qxf4 20. Re3 Nb4 21. Qe2 Nxd3 22. Qxd3 Ne4 23. Rce1 Rc6 24. R1e2 f6 25. Nh2 Kf7 26. Nf1 Ra6 27. c4 Qc7 28. cxd5 exd5 29. Qb3 f5 30. Qxd5+ Kf8 31. a3 Rd8 32. Qe5 Qxe5 33. dxe5 Rd1 34. Re1 Rxe1 35. Rxe1 Ke7 36. Rc1 Rb6 37. b4 Ke6 38. f3 Ng5 39. h4 Nf7 40. f4 Rc6 41. Rxc6+ bxc6 42. Kf2 Kd5 43. Ke3 Nd8 44. Nd2 Ne6 45. g3 Nd4 46. Kd3 c5 47. Nc4 cxb4 48. axb4 Ne6 49. Ne3+ Kc6 50. Kc4 Nc7 51. Nc2 Kb6 52. Nd4 a6 53. e6 Ne8 54. Kd5 Kc7 55. Nb3 Nf6+ 56. Kd4 Ne8 57. Nc5 Kb6 58. Kd5 Kb5 59. Nd3 Kb6 60. e7 Kc7 61. Ke6 Nd6 62. Ne5 Ne8 63. Kf7 Nd6+ 64. Kf8 1-0

[Event "NATO-ch 29th"]
[Site "Lubbock"]
[Date "2018.06.07"]
[Round "6"]
[White "Papler, Peter"]
[Black "Wells, Daniel J"]
[Result "0-1"]
[WhiteElo "1646"]
[BlackElo "2014"]
[PlyCount "120"]
[EventDate "2018.06.04"]
[EventType "swiss"]
[EventRounds "7"]
[EventCountry "USA"]
[SourceTitle "EXT 2019"]
[Source "ChessBase"]
[SourceDate "2018.10.10"]
[SourceVersion "1"]
[SourceVersionDate "2018.10.10"]
[SourceQuality "1"]

1. d4 Nf6 2. Bf4 g6 3. Nf3 Bg7 4. e3 d6 5. c3 0-0 6. Nbd2 c5 7. Be2 Nc6 8. h3 Re8 9. 0-0 e5 10. dxe5 dxe5 11. Bg5 e4 12. Nh2 h6 13. Bxf6 Qxf6 14. Qc2 Qe7 15. Rfd1 f5 16. Nc4 Be6 17. Rd2 Rad8 18. Rad1 Rxd2 19. Rxd2 Rd8 20. Nf1 b5 21. Rxd8+ Qxd8 22. Ncd2 a6 23. c4 Nb4 24. Qb1 Qb6 25. a3 Nc6 26. cxb5 axb5 27. b3 Ne5 28. Qc2 Qc6 29. a4 bxa4 30. bxa4 c4 31. Nb1 c3 32. Bb5 Qc8 33. Ng3 Nd3 34. Ne2 Nb4 35. Qc1 c2 36. Na3 Bb3 37. Nxc2 Qxc2 38. Qxc2 Bxc2 39. Nf4 Kf7 40. a5 Bd3 41. Nxd3 exd3 42. a6 d2 43. Ba4 Nxa6 44. Kf1 Nc5 45. Bd1 Bc3 46. Ke2 Ne4 47. f3 Nc5 48. g4 Kf6 49. Bc2 fxg4 50. hxg4 g5 51. f4 Ba5 52. f5 Nd7 53. Bd1 Ne5 54. Kf2 Nd3+ 55. Ke2 Nb2 56. Bc2 Ke5 57. e4 d1Q+ 58. Bxd1 Nxd1 59. Kxd1 Kxe4 60. f6 Bb4 0-1

[Event "NATO-ch 29th"]
[Site "Lubbock"]
[Date "2018.06.07"]
[Round "5"]
[White "Portman, Carl S"]
[Black "Papler, Peter"]
[Result "1/2-1/2"]
[WhiteElo "1886"]
[BlackElo "1646"]
[PlyCount "50"]
[EventDate "2018.06.04"]
[EventType "swiss"]
[EventRounds "7"]
[EventCountry "USA"]
[SourceTitle "EXT 2019"]
[Source "ChessBase"]
[SourceDate "2018.10.10"]
[SourceVersion "1"]
[SourceVersionDate "2018.10.10"]
[SourceQuality "1"]

1. e4 d6 2. Nf3 Nf6 3. Nc3 Nbd7 4. h3 c6 5. d4 Qc7 6. a4 e5 7. Bd3 Be7 8. 0-0 0-0 9. Re1 Re8 10. Ne2 Nf8 11. c3 h6 12. Qc2 Be6 13. c4 Rac8 14. Bd2 Ng6 15. Ng3 a6 16. Rec1 Qb8 17. Qd1 Bd8 18. b4 b6 19. d5 Bd7 20. Be3 c5 21. b5 a5 22. Qd2 Kh7 23. Qc2 Ng8 24. Rf1 Bf6 25. Rae1 Nf4 1/2-1/2

[Event "NATO-ch 29th"]
[Site "Lubbock"]
[Date "2018.06.05"]
[Round "2"]
[White "Papler, Peter"]
[Black "Tucker, David Sidney"]
[Result "1/2-1/2"]
[WhiteElo "1646"]
[BlackElo "1997"]
[PlyCount "40"]
[EventDate "2018.06.04"]
[EventType "swiss"]
[EventRounds "7"]
[EventCountry "USA"]
[SourceTitle "EXT 2019"]
[Source "ChessBase"]
[SourceDate "2018.10.10"]
[SourceVersion "1"]
[SourceVersionDate "2018.10.10"]
[SourceQuality "1"]

1. d4 c5 2. e3 Nf6 3. Nf3 e6 4. Nbd2 Nc6 5. c3 d5 6. Bd3 Bd6 7. 0-0 0-0 8. Re1 Qc7 9. e4 cxd4 10. cxd4 e5 11. dxe5 Nxe5 12. Nxe5 Bxe5 13. Nf3 Bg4 14. h3 Bxf3 15. Qxf3 dxe4 16. Bxe4 Nxe4 17. Rxe4 Rac8 18. Bf4 Bxf4 19. Rxf4 Qb6 20. b3 Qc6 1/2-1/2